003470000a22001090004500090001700000245008600017041001400103100002800117942001300145773006200158999001700220 aASbSeriadas10aObservaciones sobre los primates del bajo río Miriti, Panama, Amazonas Colombia0 aEspañol1 aDefler, Thomas R.96444 cARTICULO1 tLozania: Acta Zoológica Colombiana3375h46q1-13d1983 c15173d15173